000 00775nam a2200193 i 4500
001 124985
003 ES-MaACL
005 20230906192530.0
007 t|
008 070425s1933 sp ||||1| spa d
100 1 _aGarcía Ormaechea, Rafael.
_955058
245 1 3 _aEl accidente de trabajo y la enfermedad profesional
_b: conferencias dadas en la clínica del trabajo los días 8 y 25 de octubre de 1933 /
_cpor Rafael García Ormaechea.
260 _aMadrid :
_b[s.n.],
_c1933 (
_fSobrinos Sucesores de Minuesa de los Ríos)
300 _a32 p. ;
_c22 cm.
490 1 _aPublicaciones del Instituto Nacional de Previsión ;
_v400
830 0 _aPublicaciones del Instituto Nacional de Previsión ;
_v400
_9181151
852 _aES-MaACL
_jC-12643(2)
999 _c124985
_d124985